| 000 | 02986nam a2200349 4500 | ||
|---|---|---|---|
| 003 | OSt | ||
| 005 | 20260512083746.0 | ||
| 008 | 260512b |||||||| |||| 00| 0 aze d | ||
| 040 |
_aAZ-XaKU _baze _cAZ-XaKU |
||
| 041 | _aaze | ||
| 050 | 1 | 4 | _aTH490 .F2595 2023 |
| 100 | 1 |
_aFərzəliyev, S.A, _emüəllif. |
|
| 245 | 1 |
_aTikinti peoseslərinin texnoloji layihəndirilməsi _c/ S.A.Fərzəliyev, F.Ə,Vəliyev ; Baş redaktor Ə.M.Bələgözov ; rəyçilər S.Qəniyeva, Ə.M.Bələgözov, Ə.M.Allahverdiyev |
|
| 264 |
_aBakı: _b"Azəri", _c2023. |
||
| 300 |
_a144 səhifə ; _c20,5 sm. |
||
| 336 |
_atext _btxt _2rdacontent |
||
| 337 |
_aunmediated _bn _2rdamedia |
||
| 338 |
_avolume _bnc _2rdacarrier |
||
| 504 | _aİstifadə olunmuş ədəbiyyatlar: s. 141-143 | ||
| 505 | 0 | _aFəsil 1. Tikinti istehsalatının xüsusiyyətləri -- Fəsil 2. Əmək resursları və əməyin təşkili -- Fəsil 3. Tikinti proseslərinin texnoloji layihələndirilməsi -- Fəsil 4. Nəqliyyat işləri -- Fəsil 5. Torpaq işləri -- Fəsil 6. Svay işləri -- Fəsil 7. Torpaq işlərinin istehsalı üçün tipik texnoloji xəritə. Qrutda çalanın qazılması. | |
| 520 | _aTəqdim olunan dərs vəsaitində, tikinti istehsalatının xüsusiyyətləri, tikinti proseslərinin texnoloji layihələndirilməsi və yeraltı işlərin texnologiyası ilə bağlı tikinti istehsalatının son nailiyyətləri nəzərə alınmaqla nəzəri biliklər toplanmışdır. Müasir tikinti istehsalatında yeni texnologiyaların tətbiqi onun texnoloji məsələlərinin öyrənilməsini aktuallaşdırır. Bu səbəbdən dərs tikinti prosesləri və işləri, onların tərkibi və quruluşu, material elementlər, tikinti istehsalatının sənayeləşdirilməsinin xüsusiyyətləri, tikinti istehsalatının normativ-texniki və texnoloji sənədləşdirilməsi, əmək resursları və əməyin təşkili, əmək proseslərinin xəritələri və onların tərkibi, tikintidə istifadə edilən nəqliyyat vasitələrinin növləri, torpaq işləri, torpağın işlənməsinin mexanikləşdirilməsi, svay işləri, tikinti istehsalatının inkişaf etdirilməsinin və təkmilləşdirilməsinin əsas istiqamətləri və s. kimi məsələlərə baxılmışdır. | ||
| 521 | _aDərs vəsaiti tikinti istehsalatının bütün istiqaməti üzrə təhsilin bakalavr və magistr pillələrində darsalanlar və bu istiqamətdə dərsverənlər üçün nəzərdə tutulmuşdur. Dərs vəsaiti həmçinin tikinti istehsalatı ilə məşğul olan tikinti təşkilatları və istehsalatda çalışan mütəxəssislər üçün də faydalı ola biləcək. | ||
| 650 | 7 |
_aBina Tikintisi _2AZ-XaKU |
|
| 655 |
_2AZ-XaKU _aDərslik |
||
| 700 | 1 |
_aVəliyev, F.Ə, _qmüəllif |
|
| 700 | 1 |
_aBələgözov, Ə.M, _qbaş redaktor. |
|
| 700 | 1 |
_aQəniyeva, S. _qrəyçi. |
|
| 700 | 1 |
_aBələgözov, Ə.M, _qrəyçi. |
|
| 700 | 1 |
_aAllahverdiyev, Ə.M, _qrəyçi. |
|
| 942 | _cBOOK | ||
| 999 |
_c416 _d416 |
||